Govt. of
Madhya Pradesh

राजनीति विज्ञान के सिद्धान्‍त (Record no. 64700)

MARC details
000 -LEADER
fixed length control field 00362nam a2200109Ia 4500
008 - FIXED-LENGTH DATA ELEMENTS--GENERAL INFORMATION
fixed length control field 221009s9999 xx 000 0 und d
082 ## - DEWEY DECIMAL CLASSIFICATION NUMBER
Classification number 320
100 ## - MAIN ENTRY--PERSONAL NAME
Personal name जैन डॉ. पुख्‍राज
9 (RLIN) 38256
245 #0 - TITLE STATEMENT
Title राजनीति विज्ञान के सिद्धान्‍त
260 ## - PUBLICATION, DISTRIBUTION, ETC. (IMPRINT)
Name of publisher, distributor, etc. साहित्‍य भवन
942 ## - ADDED ENTRY ELEMENTS (KOHA)
Koha item type Books

No items available.